Recepción al Consejo regional de Prensa
Descripción Física:
Il·lustracions
Colección:
San Jorge,
; núm. 8 (octubre 1952), pàg 57
Idioma:
Español
MARC
| LEADER | 00000naa a2200000 a 4500 | ||
|---|---|---|---|
| 003 | Arxiu | ||
| 005 | 20260324181028.0 | ||
| 008 | 160829s1952 spcaxx s spa c | ||
| 040 | |a agdb | ||
| 245 | 0 | 0 | |a Recepción al Consejo regional de Prensa |
| 300 | |b Il·lustracions | ||
| 490 | |a San Jorge, |v núm. 8 (octubre 1952), pàg 57 | ||
| 650 | 0 | |a Visites oficials |9 31008 |z Barcelona (Catalunya) | |
| 773 | |g Núm. 8 (octubre 1952), pàg 57 |t San Jorge. | ||
| 901 | |a Arxiu | ||
| 942 | |n 1 |2 udc |c ART | ||
| 952 | |0 0 |1 0 |4 0 |7 1 |9 64287 |a Arxiu |b Arxiu |d 2022-11-22 |o Rev-508 |r 2022-11-22 00:00:00 |w 2022-11-22 |y ARXIU |z També disponible a Rev-521 | ||
| 999 | |c 44274 |d 44274 | ||